Statistics for Which Smash Bros. Thing...

Click here to take the quiz!

General Stats

  • This quiz has been taken 888 times
    (721 since last reset)
  • The average score is 8 of 10

Answer Stats

QuestionAnswer% Correct
Which franchise does not have a stage in any Super Smash Bros. game?R.O.B.
96%
Which of these characters is an echo fighter?Daisy
91%
There is an item similar to the Pokéball, except it has a stricter criteria for Pokémon being in this item. Which item am I talking about?Master Ball
90%
Which of these characters was not in the original Super Smash Bros?Marth
89%
Which character does not have a counter?Robin
83%
Which character has not been a DLC fighter?Shulk
82%
Which character technically made their first appearance in a Super Smash Bros. game?Roy
73%
Which of these characters has been in an RPG?Bowser
71%
Which of these modes returned in Super Smash Bros. Ultimate?Classic
61%
Which of these is an assist trophy in Super Smash Bros. Ultimate?Sukapon
58%

Score Distribution

Percentile by Number Answered

Percent of People with Each Score

Your Score History

You have not taken this quiz since the last reset